Quiz da Finlândia - Statistics

Estatísticas Gerais
  • Esse quiz foi jogado 1 520 vezes
  • A pontuação média é 9 de 20
Estatísticas das Respostas
Dica Resposta % Correto
Países fronteiriços Suécia
98%
Países fronteiriços Noruega
96%
Países fronteiriços Rússia
95%
Capital Helsínquia
88%
Moeda oficial Euro
65%
Esporte mais popular Hóquei no gelo
55%
Banho à vapor tradicional Sauna
54%
Os golfos acima fazem parte deste mar Mar Báltico
53%
Empresa de telefones móveis Nokia
47%
Pessoa mítica que alguns dizem viver naquela região Pai Natal(pt) Papai Noel(br)
42%
Sistema operacional criado por Linus Torvalids Linux
38%
Golfos oceânicos fazendo fronteira com a Finlândia Golfo da {Finlândia}
36%
"Finlândia" em finlandês Suomi
34%
Região no norte compartilhada por 4 países Lapónia
30%
Guerra lutada contra a URSS em 1940 Guerra de {Inverno}
27%
Golfos oceânicos fazendo fronteira com a Finlândia Golfo de {Bótnia}
18%
Principal grupo étnico que vive na região acima Sámi
16%
Segunda maior área urbana Tampere
14%
Corredor de longa distância e 12 vezes medalhista olímpico Paavo Nurmi
7%
Maior lago de água doce Saimaa
7%
Nenhum quiz correspondente encontrado
Distribuição das Pontuações
Porcentagem de Pessoas com Cada Pontuação
Percentil de Números Respondidos
Sua Pontuação Histórica
Você não jogou esse quiz